| 000 | 01035cam a22003137a 4500 | ||
|---|---|---|---|
| 005 | 20220817043055.0 | ||
| 008 | 971010s1972 r 00010 d | ||
| 010 | _a64776 | ||
| 011 | _a65748 | ||
| 035 | _a73051 | ||
| 082 |
_a634.93 _bF33 |
||
| 110 | _aFAO | ||
| 245 | 0 | _aManual on forest roads in Buthan | |
| 260 |
_aRoma : _bFAO, _c1972 |
||
| 300 | _a2 v. | ||
| 500 | _aLa biblioteca tiene: v.1 Planning, surveying, construction and protection works -- | ||
| 590 |
_aBATCH-UPD _b10 _c20130110 _lUCH01 _h0829 |
||
| 590 |
_aBATCH-UPD _b10 _c20130410 _lUCH01 _h0507 |
||
| 590 |
_aBATCH-UPD _b10 _c20130914 _lUCH01 _h0717 |
||
| 590 |
_aCONVERSION _b10 _c20130109 _lUCH01 _h1335 |
||
| 650 | 1 | 4 |
_aBosques _xExtracción. _914174 |
| 650 | 1 | 4 |
_aCaminos forestales. _917874 |
| 650 | 1 | 4 |
_aIngenierÃa forestal. _958227 |
| 700 | 0 |
_aHeinrich, R. _953365 |
|
| 700 | 0 |
_aSedlak, O. _9103573 |
|
| 901 | _aBK | ||
| 949 |
_a634.93 F33 _bDCF _cLIBRO _d-5809 _eLIBRO _h3944 _i73051 _si |
||
| 949 |
_a634.93 F33 _bDCF _cLIBRO _d-58976 _eLIBRO _fc.2 _h3945 _i73051 _si |
||
| 999 |
_c64776 _d64776 |
||